La metafunción textual en los titulares periodísticos costarricenses
Αποθηκεύτηκε σε:
| Κύριος συγγραφέας: | |
|---|---|
| Μορφή: | Άγνωστο |
| Γλώσσα: | Spanish |
| Έκδοση: |
San José, Costa Rica
Universidad de Costa Rica
2012
|
| Θέματα: | |
| Ετικέτες: |
Προσθήκη ετικέτας
Δεν υπάρχουν, Καταχωρήστε ετικέτα πρώτοι!
|
MARC
| LEADER | 00000 a2200000 4500 | ||
|---|---|---|---|
| 008 | 190624b ||||| |||| 00| 0 spa d | ||
| 999 | |c 30726 |d 30726 | ||
| 040 | |a cru BVZT | ||
| 090 | |a TESIS 934 | ||
| 100 | |a Vargas Castro, Ericka | ||
| 245 | |a La metafunción textual en los titulares periodísticos costarricenses |c Ericka Vargas Castro | ||
| 260 | |a San José, Costa Rica |b Universidad de Costa Rica |c 2012 | ||
| 300 | |a 288páginas | ||
| 650 | 0 | |9 237 |a TRABAJO FINAL DE GRADUACIÓN | |
| 650 | 0 | |9 55 |a LINGÜÍSTICA | |
| 653 | |a MAESTRÍA ACADÉMICA EN LINGÜÍSTICA | ||
| 942 | |c SALA |h TESIS 934 |2 z | ||
